[Event "Mittelfrankenliga-B2a 0607"]
[Site "Mittelfranken"]
[Date "2006.11.12"]
[Round "2.1"]
[White "Snaidero, Fabian"]
[Black "Guenther, Torsten"]
[Result "0-1"]
[WhiteElo "1833"]
[BlackElo "2005"]
[PlyCount "82"]
[EventDate "2006.10.22"]
[EventType "team-tourn"]
[EventRounds "9"]
[EventCountry "GER"]
[SourceTitle "EXT 2011"]
[Source "ChessBase"]
[SourceDate "2010.11.26"]
[SourceVersion "1"]
[SourceVersionDate "2010.11.26"]
[SourceQuality "1"]
[WhiteTeam "Neustadt"]
[BlackTeam "Erlangen Siemens"]
[WhiteTeamCountry "GER"]
[BlackTeamCountry "GER"]

1. e4 e6 2. d4 d5 3. e5 c5 4. Nf3 cxd4 5. Nxd4 Nc6 6. Bb5 Bd7 7. Nxc6 bxc6 8. Be2 Qc7 9. Bf4 Bc5 10. 0-0 Ne7 11. Bd3 Bd4 12. Nc3 Bxe5 13. Bxe5 Qxe5 14. Qd2 0-0 15. Rae1 Qc7 16. Re3 e5 17. Rg3 e4 18. Bxe4 dxe4 19. Nxe4 Ng6 20. h4 Bf5 21. Qd4 Qe5 22. Qxe5 Nxe5 23. Re1 Bxe4 24. Rxe4 Nd7 25. Re7 Nb6 26. h5 Rfe8 27. Rc7 Rec8 28. Re7 Nd5 29. Re2 Nf4 30. Re5 f6 31. Re7 Nxh5 32. Rb3 Rab8 33. Ra3 Re8 34. Rc7 Rxb2 35. Raxa7 Rb4 36. f3 Rc4 37. Kh2 Rxc2 38. a4 h6 39. a5 Ree2 40. a6 Rxg2+ 41. Kh3 Rg3+ 0-1